000 00544nam a2200205 a 4500
001 BRCA_6774
005 20190320205603.0
008 261011s1909----gw-#######---#000-0#ger-#
041 _ager
044 _agw
050 4 _aPT2613
_b.R46 G6
_c1909
100 1 _aGreinz, Rudolf
_d1866-1942
_916266
245 1 0 _aDas goldene Kegelspiel
_bneue tiroler Geschichten
_cRudolf Greinz.
260 _aLeipzig
_bL. Staackmann
_c1909
300 _a188 p.
_c19 cm.
500 _aL90
650 1 4 _aLiteratura Alemana
_96160
902 _aGFM
942 _2lcc
_cB
999 _c6457
_d6457